| 000 | 01369nam a2200229Ia 4500 | ||
|---|---|---|---|
| 003 | Ost | ||
| 005 | 20260507075000.0 | ||
| 008 | 260507s9999||||xx |||||||||||||| ||und|| | ||
| 020 | _a996024606× | ||
| 040 | _cfsecg | ||
| 041 | _aara | ||
| 082 | _a658.02 | ||
| 100 |
_aهسو، كلسي، _eمؤلف |
||
| 245 | 0 |
_aتسويق الضيافة / _c كلسي هسو |
|
| 260 |
_aالرياض: _bدار المريخ للنشر, _c2007 |
||
| 300 |
_a543 صفحة؛ _bإيضاحات ؛ _c24 سم |
||
| 520 | _aيضم التسويق عمل كل فرد،خدمات الضيافة، البيئات الكلية والجزئية لتسويق الضيافة، تجزئة السوق وتسويق الهدف، معلومات وابحاث التسويق، استراتيجية التسويق، خطة التسويق، منتج الضيافة، المكان في تسويق الضيافة التوزيع، المكان في تسويق الضيافة الموقع، سعر الضيافة، اتصالات التسويق الاعلان، اتصالات التسويق ترويج المبيعات والعلاقات العامة الدعاية والبيع الشخصي، التسويق على مستوى الوحدة. | ||
| 653 | _aالتسويق | ||
| 653 | _aالفنادق- تنظيم وإدارة | ||
| 700 |
_aبورز، توم _eمؤلف ثانوي |
||
| 942 | _cكتاب | ||
| 999 |
_c42070 _d42070 |
||